Osem desaťročí tenisu (z histórie tenisu)

Bibliographic Details
Main Author: Jedľovský, Jozef, 1919-1979 (Author)
Format: Article
Language:Czech
Slovak
PhysicalDescription:Obr.
Subjects:

MARC

LEADER 00000nab a2200000 a 4500
001 vtls009346651
003 SK-MaSNL
005 20260303055223.0
008 081013c19730410xo 0 cze
015 |a SNBRB1973 
040 |a SNKBUCL  |b slo  |c SNKBUCL  |e AACR2 
041 0 |a slo 
044 |a xo  |c SK 
080 |a 796.342  |2 1997 
100 1 |a Jedľovský, Jozef,  |d 1919-1979  |4 aut  |9 194617 
245 1 0 |a Osem desaťročí tenisu  |b (z histórie tenisu)  |c Jozef Jedľovský 
300 |b Obr. 
650 0 7 |a tenis  |2 snkbucl  |9 3293 
655 7 |a články z novín a časopisov  |2 snkbucl  |9 267496 
773 0 |t Šport  |g (10.4.1973), s. 2 
850 |a Slovenská národná knižnica v Martine 
852 |a SNK  |b KIS3GCP 
999 |c 1726441  |d 1728371